000 01219nam a2200265 a 4500
003 BLK
005 20230712110246.0
008 230712b bu a|||fr|||| 00| 0 bu d
020 _a9789540917160
040 _aBLK
041 _aBUL
_cBUL
080 _aБългарска литература
_b821.163.2
_x-1
_z821.163.2-1
100 _9284583
_aМайсторов, Николай Лазаров
_eпърви автор
139 _aМайсторов, Николай Лазаров
_bМ 12
245 _aРазговор със себе си
_bПоезия 2020 - 2022. Рисунки - автопортрети
_cНиколай Майсторов; худож. Николай Майсторов
260 _9209473
_aСофия
_bЗахарий Стоянов
_c2023
300 _a112 с.
_bс ил.
_c21х21 см
380 _aX
500 _aМитологемата за Пътя / Иван Гранитски: с. 110-111 Иван Гранитски - псевд. на авт. на доп. материал Иван Йорданов Димитров
852 _aЦб 318658
_bЦб
856 _i0.00
_ldisable
942 _cKNG
_n0
_s1
944 _aCR
_c2023-05-02
_k30570
_lМоника Янева
944 _aED
_c2023-07-12
_kМЯ
999 _c490747
_d490747